[Event "HCL-C4098"]
[Site "www.playchess.de"]
[Date "2006.03.20"]
[Round "7"]
[White "winnetou"]
[Black "valpa"]
[WhiteElo "860"]
[BlackElo "1085"]
[PlyCount "74"]
[Result "0-1"]

1.e4 {Greetings!}  d5 {Welcome to the new game!}  
2.e5 {I'll try to get you this time... :-)}  e6 
3.d4 c5 4.Nf3 cxd4 5.Qxd4 Nc6 6.Qa4 Bd7 7.Bd2 Nxe5 
8.Bb5 Nxf3+ 9.gxf3 a6 10.Bxd7+ Qxd7 11.Nc3 Qxa4 
12.Nxa4 Bd6 13.O-O-O Ne7 14.Rhg1 g6 15.Nb6 Rb8 
16.Bh6 Nf5 17.Bg5 Bc5 18.Rxd5 Bxb6 19.Bf6 Rg8 
20.Re1 Bxf2 21.Re4 Rc8 22.c3 Be3+ 23.Kc2 Bh6 
24.Kb3 Bg7 25.Bxg7 Nxg7 26.a4 Kf8 27.Rdd4 Nf5 
28.Rd7 Rb8 29.c4 Kg7 30.Re5 Rgd8 31.Rxd8 Rxd8 
32.Kb4 Nd4 33.Ka5 Nc6+ 34.Kb6 Nxe5 35.c5 Nxf3 
36.Kxb7 Nd4 37.Kxa6 e5 0-1

[Event "HCL-C4109"]
[Site "www.playchess.de"]
[Date "2006.03.20"]
[Round "18"]
[White "spartan1"]
[Black "Milosforman"]
[WhiteElo "911"]
[BlackElo "958"]
[PlyCount "138"]
[Result "0-1"]

1.e4 c5 2.Nf3 e6 3.Nc3 d6 4.d4 cxd4 5.Nxd4 e5 
6.Ndb5 a6 7.Na3 Nf6 8.Bg5 Be7 9.f3 Qa5 10.Nc4 Qb4 
11.g4 h6 12.Be3 d5 13.Nb6 d4 14.Bd2 Qxb6 15.Nd5 
Qxb2 16.Nc7+ Kf8 17.Nxa8 Bd6 18.Bc4 b5 19.Nb6 bxc4 
20.Nxc4 Qb7 21.Nxd6 Qc6 22.Bb4 Kg8 23.Nf5 Bxf5 
24.exf5 Kh7 25.O-O e4 26.Qxd4 exf3 27.Rae1 h5 
28.gxh5 Nxh5 29.Qh4 g6 30.Re7 Qf6 31.Qxf6 Nxf6 
32.Rxf7+ Kh6 33.Rxf6 Kg5 34.Rxg6+ Kxf5 35.Rd6 Rh4 
36.Rxf3+ Ke4 37.Rf8 Rg4+ 38.Kh1 Ke5 39.Re8+ Kf5 
40.Rxb8 Ke5 41.Rxa6 Rc4 42.Ra5+ Kd4 43.c3+ Kd3 
44.Rd5+ Kc2 45.Ba5 Ra4 46.Bc7 Rxa2 47.c4 Kc3 48.c5 
Ra1+ 49.Kg2 Kc4 50.Rf5 Ra2+ 51.Rf2 Ra7 52.Rc2+ Kd5 
53.Rd8+ Kc6 54.Bg3 Rg7 55.Re2 Rb7 56.Re6+ Kxc5 
57.Rc8+ Kd5 58.Rd6+ Ke4 59.Rc4+ Kf5 60.Rd5+ Ke6 
61.Re4+ Kxd5 62.h4 Kxe4 63.h5 Kf5 64.h6 Rh7 65.Bf4 
Kxf4 66.Kf2 Rxh6 {why did u chose to lose this 
game?}  67.Kg2 {When I made a bad move with my TWO 
rooks I just gave up.}  Ke3 {i see... sometimes 
happens... this is a cruel game.}  68.Kf1 {It is 
certainly unforgiving at times.}  Rh2 69.Ke1 
Rh1+ 0-1

[Event "ACL-E202"]
[Site "www.playchess.de"]
[Date "2006.03.20"]
[Round "19"]
[White "ETC_Chess"]
[Black "ZinTho"]
[WhiteElo "1918"]
[BlackElo "1998"]
[PlyCount "44"]
[Result "0-1"]

1.c4 {Hello again and good luck!}  e5 2.g3 Nf6 
3.Bg2 d5 4.cxd5 Nxd5 5.Nc3 Nb6 {Also merry 
Christmas and a happy New Year, Thomas}  6.Nf3 Nc6 
7.O-O Be7 8.d3 O-O 9.a4 a5 10.Be3 Re8 11.Rc1 Be6 
12.Bxb6 cxb6 13.e3 Bb4 14.Re1 Rc8 15.Rf1 Qe7 
16.Qe2 Red8 17.Rfd1 Bb3 18.Rde1 Bxc3 19.Rxc3 Bxa4 
20.Rec1 Qd7 21.d4 exd4 22.exd4 
Rde8 0-1

[Event "HCL-C4129"]
[Site "www.playchess.de"]
[Date "2006.03.21"]
[Round "2"]
[White "elfrun"]
[Black "Kaspov"]
[WhiteElo "902"]
[BlackElo "1014"]
[PlyCount "35"]
[Result "1-0"]

1.e4 {good day, Kaspov!}  e5 2.Nf3 Nc6 3.Bc4 Bc5 
4.O-O Nf6 5.d3 O-O 6.Bd2 d5 7.exd5 Nxd5 8.Qe2 Bg4 
9.Be3 {I feel rather penned in already! :o(}  Nxe3 
10.fxe3 Na5 11.Nbd2 c6 12.d4 exd4 13.Ne4 Bb6 
14.Rad1 Qe7 15.exd4 Nxc4 16.Qxc4 Qxe4 17.Ng5 Qg6 
18.Rd2 1-0

[Event "ACL-T171"]
[Site "www.playchess.de"]
[Date "2006.03.21"]
[Round "7"]
[White "BDG_Girl"]
[Black "Kimura"]
[WhiteElo "1805"]
[BlackElo "1856"]
[PlyCount "47"]
[Result "1-0"]

1.e4 e5 2.Nf3 Nc6 3.Bb5 f5 4.Nc3 {Hello and good 
luck!}  fxe4 {Good luck for you too!}  5.Nxe4 d5 
6.Nxe5 dxe4 7.Nxc6 Qg5 8.Qe2 Nf6 9.f4 Qxf4 
10.Nxa7+ Bd7 11.Bxd7+ Kxd7 12.Qb5+ Ke6 13.Qb3+ Kd7 
14.Qxb7 Bd6 15.Qb5+ Ke6 16.Qb3+ Kd7 17.g3 Qe5 
18.Nb5 Bc5 19.Qf7+ Kc6 20.Nc3 Rhf8 21.Qc4 Qd4 
22.Qxd4 Bxd4 23.a3 Rad8 24.Rf1 1-0

[Event "ACL-T160"]
[Site "www.playchess.de"]
[Date "2006.03.21"]
[Round "3"]
[White "BDG_Girl"]
[Black "Kimura"]
[WhiteElo "1761"]
[BlackElo "1856"]
[PlyCount "53"]
[Result "1-0"]

1.f4 e5 2.fxe5 d6 3.exd6 Bxd6 4.Nf3 g5 {Hello! 
This tournament is becoming interesting!}  5.d4 g4 
6.Ne5 Bxe5 7.dxe5 Qxd1+ 8.Kxd1 Nc6 9.Nc3 Be6 
10.Bg5 a6 11.e4 Nxe5 12.Nd5 Bxd5 13.exd5 f6 14.Bd2 
Rd8 15.c4 Ne7 16.Kc2 h5 17.Bb4 c6 18.d6 Nf5 19.c5 
Ne3+ 20.Kd2 Nd5 21.Ba5 Rb8 22.Bc3 Kd7 23.b4 Rhe8 
24.Be2 f5 25.Rhf1 f4 26.Rae1 Ng6 
27.g3 1-0

[Event "HCL-E1533"]
[Site "www.playchess.de"]
[Date "2006.03.21"]
[Round "24"]
[White "Glomp"]
[Black "scylla"]
[WhiteElo "1587"]
[BlackElo "1461"]
[PlyCount "53"]
[Result "1-0"]

1.e4 c5 2.Nf3 d6 3.d4 cxd4 4.Nxd4 Nf6 5.Nc3 a6 
6.Be3 e6 7.Qd2 Be7 8.O-O-O Qc7 9.f3 Nbd7 10.g4 h6 
11.h4 b5 12.a3 Rb8 13.Bg2 Bb7 14.g5 Nh5 15.gxh6 
gxh6 16.Bxh6 Ne5 17.Bg5 Ng3 18.Rh3 Nc4 19.Qf2 
Bxg5+ 20.hxg5 Rxh3 21.Bxh3 Nh5 22.Qh4 Rc8 23.Nde2 
Nf6 24.gxf6 Qa5 25.Qh7 Ne5 26.Rxd6 Ng6 
27.Bxe6 1-0

[Event "HCL-A2449"]
[Site "www.playchess.de"]
[Date "2006.03.21"]
[Round "2"]
[White "Khalif"]
[Black "gambitfan"]
[WhiteElo "1700"]
[BlackElo "1393"]
[PlyCount "84"]
[Result "0-1"]

1.e4 c5 2.Nf3 d6 3.c3 Nf6 4.d3 Nc6 5.Be2 g6 6.Bg5 
Bg7 7.Nbd2 Rb8 8.O-O O-O 9.a4 Bd7 10.h3 Nh5 11.Nh2 
Nf6 12.f4 Ne8 13.Qe1 Nc7 14.Nhf3 Ne6 15.f5 Nxg5 
16.Nxg5 h6 17.Ngf3 gxf5 18.Nh4 fxe4 19.Nxe4 Qc8 
20.Qg3 Kh8 21.Rf2 Be6 22.Raf1 Be5 23.Qe3 Bg7 
24.Nf5 Bxf5 25.R2xf5 Qe8 26.Bh5 Ne5 27.Kh1 Ng6 
28.Qf2 Kg8 29.a5 Rd8 30.Qg3 d5 31.Nd2 e6 32.R5f3 
e5 33.Bxg6 fxg6 34.R3xf8+ Bxf8 35.Rf6 Rd6 36.Qf3 
Qe7 37.Rxd6 Qxd6 38.b3 b5 39.axb6 axb6 40.Kg1 Be7 
41.Kf1 Bg5 42.Nb1 Kg7 0-1

[Event "HCL-E1561"]
[Site "www.playchess.de"]
[Date "2006.03.21"]
[Round "7"]
[White "chess50"]
[Black "Glomp"]
[WhiteElo "2155"]
[BlackElo "1557"]
[PlyCount "45"]
[Result "1-0"]

1.e4 c5 2.c3 d5 3.exd5 Qxd5 4.d4 Nf6 5.Nf3 e6 
6.Na3 Qd8 7.Bd3 cxd4 8.cxd4 Bb4+ 9.Bd2 Bxd2+ 
10.Qxd2 O-O 11.Nc4 Nc6 12.Nce5 Qc7 13.O-O Nxd4 
14.Bxh7+ Nxh7 15.Qxd4 Rd8 16.Rac1 Qe7 17.Qe4 Nf6 
18.Qh4 Nd5 19.Ng5 Nf6 20.Rc3 Qe8 21.Rh3 Kf8 
22.Qb4+ Kg8 23.Nexf7 1-0

[Event "HCL-B3853"]
[Site "www.playchess.de"]
[Date "2006.03.21"]
[Round "32"]
[White "unclcarle"]
[Black "MrM"]
[WhiteElo "1057"]
[BlackElo "1199"]
[PlyCount "99"]
[Result "1-0"]

1.e4 {Greetings from NYC.  Have a graet game.}  e5 
{Greetings from Philly (or slightly north).}  
2.Nf3 Nc6 3.Bb5 d6 4.d4 Bd7 5.O-O Be7 6.dxe5 Nxe5 
7.Nxe5 Bxb5 8.Nxf7 Kxf7 9.Qh5+ Kf8 10.Qxb5 Nf6 
11.Qxb7 Kf7 12.Nc3 Re8 13.Nd5 Nxd5 14.exd5 Kg8 
15.Be3 Bf6 16.Rab1 Re4 17.Bxa7 Bd4 {Up three 
pawns...looks like a won game for you.}  18.Bxd4 
Rxd4 19.a3 {I have learned to atke nothing for 
granted.  Anything can still happen.}  Ra5 {True.  
I have lost many a won game though carelessness.}  
20.Rbd1 {Trust me , I know that feeling all too 
well.  And often I see my error one nanosecond 
after I hit the "move" button.}  Rxd1 {I have 
managed to recover from those.  I had a game 
earlier where I was down a rook and a bishop, made 
a terrible move in a series of desperation checks, 
and got away with it when my opp. moved into a 
forced mate.  Better to be lucky than good 
sometimes.}  21.Rxd1 {I do agree.}  Rc5 22.Qb3 Qg5 
23.Qb8+ Kf7 24.g3 Rxc2 25.a4 Qg4 26.Ra1 Qd4 27.Rf1 
Qxa4 28.b4 Qb3 29.Qb5 Rc5 30.Qd7+ Kf6 {Didn't we 
discuss seeing the move after we made it?  
LOL
}  31.Qe6+ {That we did.  :)  For a bit, I was 
thinking I was going to lose this one in spite of 
my "3 pawn lead", but it seems the tide has turned 
due to your kind generosity.  :)}  Kg5 {*grin*  I 
knew Rc5 was too good to be true.}  32.bxc5 {:)}  
dxc5 33.Qe7+ Kh6 {You had a forced mate...not that 
you shouldn't be able to win up the rook.}  
34.Qe3+ {Someone once said something about being 
up 3 pawns and that didnt get me anything, I 
thought to take the definite advantage and hope I 
dont mess  up from there.  :)}  Qxe3 {*grin*  
Well, barring a major blunder...and since I did 
not see this forced exchange.....
}  35.fxe3 {Yes, I debated this one for a minute, 
but considering the circumstances, I knew I had to 
do this.}  Kg6 36.e4 c4 37.e5 c3 38.e6 c2 39.e7 
Kg5 40.e8Q g6 41.Qe7+ Kh6 42.Qxc7 c1Q 43.Qxc1+ Kh5 
44.Qf4 g5 45.Qf7+ Kg4 46.Qf5+ Kh5 47.Qxh7+ Kg4 
48.Qe4+ Kh5 49.Rf6 {OK, I think that will do it.  
I was determined not to permit a stalemate.  I 
think I succeeded. I almost blundered this one.}  
g4 {*grin*  I had  hopes of getting one.  You 
played it very well.}  50.Qg6+ {:).  Good game.  I 
enjoyed that one.  We must play again. I will 
challenge you to a private game.  If you care to 
play again, accept the challenge.  If not, then no 
problem.}  1-0

[Event "HCL-B3885"]
[Site "www.playchess.de"]
[Date "2006.03.21"]
[Round "33"]
[White "seisan"]
[Black "RUDI"]
[WhiteElo "1441"]
[BlackElo "1277"]
[PlyCount "37"]
[Result "1-0"]

1.Nf3 {hi}  Nf6 {hello!}  2.e4 d6 3.d4 {hi}  g6 
4.c4 Nxe4 5.Qc2 Nf6 6.Bg5 Bg7 7.Nc3 O-O 8.Bd3 e6 
9.O-O-O Qe8 10.h4 Nfd7 11.h5 Nb6 12.hxg6 fxg6 
13.Nh4 N6d7 14.f3 Bxd4 15.Nxg6 hxg6 16.Bxg6 Rf7 
17.Rxd4 Qf8 18.Rdh4 Qg7 19.Bxf7+ 1-0

[Event "HCL-C4216"]
[Site "www.playchess.de"]
[Date "2006.03.21"]
[Round "10"]
[White "Henri"]
[Black "Iron_Flower"]
[WhiteElo "715"]
[BlackElo "1202"]
[PlyCount "48"]
[Result "0-1"]

1.e4 {Bonjour et Bonne Partie}  d5 {Merci, Bonne 
Partie a vous aussi}  2.exd5 Qxd5 3.Nc3 Qa5 4.d4 
c6 5.Bd2 Qc7 6.Nf3 Bg4 7.Be2 Nf6 8.O-O e6 9.a3 Be7 
10.Be3 Nbd7 11.g3 O-O-O 12.b4 Bh3 13.Re1 h5 14.Bf4 
Bd6 15.Bxd6 Qxd6 16.Bf1 Bg4 17.Be2 Rdg8 18.Ng5 Qe7 
19.Nce4 Nxe4 20.Nxe4 Bf5 21.Qd3 g5 22.Bf3 g4 
23.Bg2 h4 24.Qf3 gxf3 0-1

[Event "HCL-A2658"]
[Site "www.playchess.de"]
[Date "2006.03.21"]
[Round "28"]
[White "BohdanL"]
[Black "GCP"]
[WhiteElo "1472"]
[BlackElo "1454"]
[PlyCount "38"]
[Result "1-0"]

1.e4 {hi again, good luck}  d6 2.d4 Nf6 3.f3 g6 
4.Be3 Bg7 5.Qd2 Nc6 6.Bb5 Bd7 7.Nc3 a6 8.Bxc6 Bxc6 
9.O-O-O e5 10.Nge2 Qe7 11.dxe5 dxe5 12.g4 Nd7 
13.Nd5 Bxd5 14.Qxd5 O-O-O 15.Nc3 Nb6 16.Qb3 Nd7 
17.Nd5 Qe6 18.Bg5 f6 19.Bh4 c6 1-0

[Event "HCL-B3845"]
[Site "www.playchess.de"]
[Date "2006.03.21"]
[Round "19"]
[White "hctr2006"]
[Black "IRONMAIDEN"]
[WhiteElo "1470"]
[BlackElo "1268"]
[PlyCount "95"]
[Result "1-0"]

1.c4 e5 {HOLA!}  2.Nc3 {Guten Tag.}  Nf6 3.g3 Bc5 
4.Bg2 d6 5.b4 Bd4 6.e3 Bxc3 7.dxc3 O-O 8.Ne2 c6 
9.O-O Be6 10.Qd3 d5 11.cxd5 Bxd5 12.Rd1 Qe7 13.e4 
Be6 14.Qd6 Qxd6 15.Rxd6 Nbd7 16.f3 Rad8 17.Be3 a6 
18.Kf2 Nb8 19.Rxd8 Rxd8 20.Ke1 Bc4 21.Nc1 Ne8 
22.Bh3 Nd7 23.Nb3 Bxb3 24.axb3 Ndf6 25.Rd1 Rxd1+ 
26.Kxd1 h6 27.Bb6 Nd6 28.c4 Kf8 29.Kd2 Ke7 30.Ke3 
Nfe8 31.f4 exf4+ 32.gxf4 f6 33.e5 fxe5 34.fxe5 Nf7 
35.Kd4 h5 36.Bc8 g5 37.Bxb7 g4 38.Bxc6 Ng5 39.Bc5+ 
Kf7 40.b5 axb5 41.cxb5 Nf3+ 42.Bxf3 gxf3 43.Ke3 
Ke6 44.b6 Kd7 45.Kxf3 Kc6 46.b4 Ng7 47.Kg3 Ne6 
48.Kh4 1-0

[Event "HCL-E1585"]
[Site "www.playchess.de"]
[Date "2006.03.21"]
[Round "10"]
[White "Tarrega"]
[Black "player_reh"]
[WhiteElo "1729"]
[BlackElo "1418"]
[PlyCount "45"]
[Result "1-0"]

1.e4 {hi}  e5 {have a nice game}  2.d4 exd4 3.Nf3 
d6 4.Nxd4 g6 5.Be3 Bg7 6.Bc4 c5 7.Qf3 Qe7 8.Nb5 
Be6 9.Bxe6 fxe6 10.Nd2 a6 11.Bg5 Qd7 12.Nc3 Nc6 
13.Rd1 b5 14.O-O h6 15.Bh4 Ne5 16.Qe2 b4 17.Ncb1 
Nc6 18.Nc4 Nd4 19.Qg4 Kf7 20.c3 h5 21.Qf4+ Bf6 
22.cxd4 Qe7 23.e5 1-0

[Event "HCL-T257"]
[Site "www.playchess.de"]
[Date "2006.03.21"]
[Round "9"]
[White "Cramneck"]
[Black "reddog"]
[WhiteElo "1924"]
[BlackElo "1819"]
[PlyCount "61"]
[Result "1/2-1/2"]

1.d4 d5 2.c4 e5 3.dxe5 {Hi. Good to meet you.}  
Bb4+ {And you, have a good game}  4.Bd2 {The first 
time I have played this opening as White or 
Black.}  Bc5 {Well it would then appear that i 
would have a slight edge over you as i've played 
it a few times! But we'll see}  5.cxd5 Qxd5 6.Nf3 
Nc6 7.Nc3 Qe6 8.Bf4 Nge7 9.e3 O-O 10.Ng5 Qg6 
11.Bd3 Bf5 12.e4 Bd7 13.h4 Nb4 14.Bc4 h6 15.Qxd7 
Nc2+ 16.Ke2 Nxa1 17.h5 Qb6 18.Na4 Qb4 19.Rc1 Rad8 
20.Qb5 hxg5 21.Bxg5 Qxb5 22.Bxb5 Bb4 23.Rxa1 Rd4 
24.f3 a6 25.Bd3 Nc6 26.Be3 Rd7 27.f4 Rfd8 28.Rd1 
b5 29.Nc5 Bxc5 30.Bxc5 Nd4+ 31.Bxd4 {(offering 
draw)}  1/2-1/2

[Event "HCL-C4164"]
[Site "www.playchess.de"]
[Date "2006.03.21"]
[Round "26"]
[White "Gordon"]
[Black "valpa"]
[WhiteElo "1008"]
[BlackElo "1054"]
[PlyCount "102"]
[Result "0-1"]

1.e4 d5 2.exd5 Qxd5 3.Nc3 Qa5 4.d4 c6 5.Bd2 Qc7 
6.Qf3 e6 7.O-O-O Nf6 8.Bh6 Qe7 9.Bc4 gxh6 10.Nge2 
Nbd7 11.Rhe1 Nb6 12.Bb3 Bd7 13.Qf4 Nfd5 14.Qg3 Qd6 
15.Qxd6 Bxd6 16.Nxd5 Nxd5 17.Bxd5 cxd5 18.Nc3 Bb4 
19.Re3 Bxc3 20.Rxc3 Rc8 21.Ra3 a6 22.Rc3 Rxc3 
23.bxc3 Ke7 24.Kb2 Rg8 25.g3 f6 26.Kb3 Kd6 27.c4 
dxc4+ 28.Kxc4 Bb5+ 29.Kb4 Kc6 30.a4 Be2 31.Re1 Bg4 
32.c4 Re8 33.d5+ Kd6 34.Re4 Bh5 35.dxe6 Rxe6 
36.Rxe6+ Kxe6 37.Kc5 Kd7 38.Kb6 Kc8 39.c5 Be8 
40.a5 Bc6 41.f4 f5 42.h3 Kd7 43.g4 Ke6 44.Kc7 fxg4 
45.hxg4 h5 46.gxh5 Kf5 47.Kd6 Kxf4 48.Ke6 Kg5 
49.Kf7 Kxh5 50.Kg7 h6 51.Kh7 Kg5 0-1

[Event "HCL-B3934"]
[Site "www.playchess.de"]
[Date "2006.03.21"]
[Round "2"]
[White "kipkluifje02"]
[Black "xmen"]
[WhiteElo "1380"]
[BlackElo "1397"]
[PlyCount "36"]
[Result "1-0"]

1.e4 {hello}  g6 2.d4 Bg7 3.Nf3 d6 4.h3 Nf6 5.Nc3 
O-O 6.Bc4 a6 7.O-O b5 8.Bb3 Bb7 9.Re1 b4 10.e5 
bxc3 11.exf6 Bxf6 12.bxc3 e6 13.Bh6 Bg7 14.Bxg7 
Kxg7 15.d5 e5 16.Qd2 Nd7 17.Ng5 f6 18.Ne6+ 
{thnx!now you get family trouble}  
Kf7 1-0

[Event "HCL-A2646"]
[Site "www.playchess.de"]
[Date "2006.03.21"]
[Round "9"]
[White "scaper"]
[Black "Wernswig"]
[WhiteElo "1528"]
[BlackElo "1412"]
[PlyCount "43"]
[Result "1-0"]

1.d4 d5 {hallo, viel spaß}  2.e4 {danke, das 
wünsche ich uns!}  c6 3.Nc3 Nf6 4.e5 Nfd7 5.Nf3 e6 
6.Bd3 c5 7.dxc5 Bxc5 8.O-O Nc6 9.Bf4 Bb6 10.Bg5 
Qc7 11.Nb5 Qb8 12.Nd6+ Kf8 13.Bf4 Bc7 14.Nb5 Bxe5 
15.Nxe5 Ndxe5 16.Re1 a6 17.Nd4 Nxd4 18.Bxe5 Qa7 
19.Qg4 Nf5 20.Bxf5 exf5 21.Bxg7+ Kg8 22.Re8+ 
{thanks for the nice game!}  1-0

[Event "HCL-T259"]
[Site "www.playchess.de"]
[Date "2006.03.21"]
[Round "7"]
[White "lostpawn2000"]
[Black "puddschini"]
[WhiteElo "1182"]
[BlackElo "2051"]
[PlyCount "48"]
[Result "0-1"]

1.d4 Nf6 2.c4 c5 3.d5 e6 4.Nc3 exd5 5.cxd5 d6 6.e4 
g6 7.Nf3 Bg7 8.Bc4 O-O 9.Bg5 h6 10.Bh4 Re8 11.Nd2 
Nxe4 12.Bxd8 Nxc3+ 13.Kf1 Nxd1 14.Rxd1 Rxd8 15.b3 
Nd7 16.g3 Nb6 17.Bd3 Nxd5 18.a3 Bh3+ 19.Kg1 Rde8 
20.Bf1 Nc3 21.Rc1 Ne2+ 22.Bxe2 Rxe2 23.Nc4 Bd4 
24.Ne3 Rxe3 0-1

[Event "HCL-C4156"]
[Site "www.playchess.de"]
[Date "2006.03.21"]
[Round "5"]
[White "nicola"]
[Black "Maneco"]
[WhiteElo "1111"]
[BlackElo "1099"]
[PlyCount "107"]
[Result "1-0"]

1.e3 {hi}  e5 {Hello!!!!!!!!!!!!!!1}  2.b3 Nf6 
3.Bb2 d6 4.Nf3 Nc6 5.a3 Bg4 6.Be2 Bxf3 7.Bxf3 Be7 
8.Nc3 O-O 9.O-O d5 10.d3 b6 11.Nb5 e4 12.dxe4 dxe4 
13.Be2 a6 14.Nd4 Nxd4 15.Bxd4 Bd6 16.b4 c5 17.Bc3 
Qc7 18.g3 Be5 19.Bxe5 Qxe5 20.Qc1 b5 21.Rd1 c4 
22.c3 Qf5 23.Kg2 Ng4 24.Bxg4 Qxg4 25.Ra2 Qf3+ 
26.Kg1 Rae8 27.Rd7 Re6 28.Qd1 Qf6 29.Qc2 Rd8 
30.Rxd8+ Qxd8 31.Ra1 Rd6 32.Qxe4 Rd1+ 33.Rxd1 
Qxd1+ 34.Kg2 g6 35.Qa8+ Kg7 36.Qxa6 Qb3 37.Qxb5 
Qxc3 38.a4 Qb3 39.a5 c3 40.a6 c2 41.Qe5+ f6 
42.Qc7+ Kh6 43.a7 Qd5+ 44.f3 Qd2+ 45.Kh3 c1Q 
{(offering draw)}  46.Qxc1 Qxc1 47.a8Q Qxe3 
48.Qf8+ Kg5 49.f4+ Kf5 50.Qc8+ Ke4 51.Qe8+ Kf3 
52.Qxe3+ Kxe3 53.b5 Kd4 54.b6 1-0

[Event "HCL-M873"]
[Site "www.playchess.de"]
[Date "2006.03.21"]
[Round "6"]
[White "terry"]
[Black "Edik"]
[WhiteElo "1753"]
[BlackElo "1888"]
[PlyCount "62"]
[Result "1/2-1/2"]

1.e4 c6 2.d4 {Hi Eduard 
good skill/luck?!}  d5 {Hi! Good luck!  :)}  3.Nc3 
dxe4 4.Nxe4 Bf5 5.Ng3 Bg6 6.Nf3 Nd7 7.h4 h6 8.h5 
Bh7 9.Bd3 Bxd3 10.Qxd3 Ngf6 11.Qe2 e6 12.Bd2 Qc7 
13.O-O-O O-O-O 14.Ne5 Nxe5 15.dxe5 Nd5 16.f4 Qb6 
17.Ne4 Be7 18.Rh3 Qd4 19.Rd3 Qa4 20.Kb1 Kb8 21.g4 
Qa6 22.Nd6 Bxd6 23.exd6 c5 24.Qe5 Rxd6 25.Qxg7 
Rhd8 26.Qe5 f6 27.Qe4 Qc6 28.Ka1 c4 29.Rd4 Nb4 
30.Rxd6 Rxd6 31.Qxc6 Nxc6 {(offering draw)} 
 1/2-1/2

[Event "HCL-A2622"]
[Site "www.playchess.de"]
[Date "2006.03.21"]
[Round "13"]
[White "Akkarin"]
[Black "Wernswig"]
[WhiteElo "1375"]
[BlackElo "1411"]
[PlyCount "139"]
[Result "1-0"]

1.d3 {Grussen aus Imardin, Kyralia}  d5 {hallo, 
viel spaß}  2.Nd2 c5 3.e4 e6 4.Ngf3 Nf6 5.c3 Nc6 
6.Be2 Be7 7.O-O O-O 8.Qc2 Ne8 9.Rd1 Qc7 10.d4 c4 
11.exd5 exd5 12.Nf1 Be6 13.Ng3 Nd6 14.Re1 b5 
15.Bf4 Qd7 16.Ne5 Nxe5 17.Bxe5 f6 18.Bf4 Bf5 
19.Nxf5 Qxf5 20.Qxf5 Nxf5 21.Bg4 Bd6 22.Bxd6 Nxd6 
23.Be6+ Kh8 24.Bxd5 Rac8 25.Re6 Rcd8 26.Rae1 Rfe8 
27.R6xe8+ Rxe8 28.Rxe8+ Nxe8 29.f4 g6 30.Kf2 Kg7 
31.Ke3 Kf8 32.Ke4 Ke7 33.g4 Kd6 34.Bg8 h6 35.Bf7 
Nc7 36.Bxg6 a5 37.Bf7 Ke7 38.Bg6 Kd6 39.h4 Ke6 
40.g5 fxg5 41.fxg5 hxg5 42.hxg5 b4 43.Ke3 Nd5+ 
44.Kd2 Nf4 45.Be8 Kf5 46.g6 Nxg6 47.Bxg6+ Kxg6 
48.a3 Kf5 49.axb4 axb4 50.cxb4 Ke4 51.Kc3 Kd5 
52.b5 Kd6 53.Kxc4 Kc7 54.Kc5 Kc8 55.d5 Kb8 56.Kd6 
Kc8 57.Ke7 Kb8 58.d6 Kc8 59.d7+ Kb7 60.d8R Kb6 
61.Rc8 Kb7 62.Rc3 Kb8 63.Kd7 Kb7 64.b6 Kb8 65.b7 
Kxb7 66.Rb3+ Ka6 67.Kc6 Ka5 68.Rb8 Ka4 69.Kc5 Ka5 
70.Ra8+ 1-0

[Event "HCL-T260"]
[Site "www.playchess.de"]
[Date "2006.03.21"]
[Round "7"]
[White "luciano59"]
[Black "Cramneck"]
[WhiteElo "2271"]
[BlackElo "1924"]
[PlyCount "53"]
[Result "1-0"]

1.e4 d6 2.d4 Nf6 3.Nc3 g6 4.f4 Bg7 {Hello again. 
Should be interesting.}  5.Nf3 {hi and good game}  
c5 6.e5 Nfd7 7.dxc5 dxe5 8.fxe5 Nxe5 9.Qxd8+ Kxd8 
10.Bd2 Nxf3+ 11.gxf3 Be6 12.O-O-O Nd7 13.Bb5 Rc8 
14.Ne4 h6 15.Ba5+ Ke8 16.Rhe1 Be5 17.Kb1 b6 {What 
a depressing position.}  18.cxb6 {yes...}  axb6 
19.Bxb6 Rb8 20.Bxd7+ Bxd7 21.Bd4 Bxd4 22.Rxd4 Bc6 
23.Nf6+ Kf8 24.Nd7+ Bxd7 25.Rxd7 e6 26.c4 Kg7 
27.Rxe6 1-0

[Event "ACL-T157"]
[Site "www.playchess.de"]
[Date "2006.03.21"]
[Round "15"]
[White "puddschini"]
[Black "richard"]
[WhiteElo "2101"]
[BlackElo "1554"]
[PlyCount "54"]
[Result "1/2-1/2"]

1.e4 c5 2.Nf3 d6 3.d4 cxd4 4.Qxd4 Nc6 5.Bb5 {enjoy 
the game}  Bd7 6.Bxc6 Bxc6 7.c4 f5 8.exf5 Qa5+ 
9.Nc3 Qxf5 10.Nd5 e5 11.Qd1 Qe4+ 12.Be3 Bxd5 
13.Qxd5 Qxd5 14.cxd5 Nf6 15.Rd1 Rc8 16.O-O Rc2 
17.Rd2 Rxd2 18.Nxd2 Kd7 19.Bxa7 Nxd5 20.Be3 Be7 
21.Rc1 Nxe3 22.fxe3 d5 23.Nf3 Bf6 24.a4 Ra8 
{getting drawish}  25.b3 {Yes, it looks like 
that.}  Ra6 26.Rc5 Kd6 27.Rb5 e4 {(offering draw)} 
 1/2-1/2

[Event "HCL-A2663"]
[Site "www.playchess.de"]
[Date "2006.03.21"]
[Round "7"]
[White "shadow_cup"]
[Black "BohdanL"]
[WhiteElo "1523"]
[BlackElo "1472"]
[PlyCount "75"]
[Result "1-0"]

1.e3 e5 2.c4 f5 3.Nf3 Nc6 4.d4 e4 5.Nfd2 d5 6.cxd5 
Qxd5 7.Bc4 Qd8 8.a3 Nf6 9.b4 a6 10.Qb3 Qe7 11.d5 
Ne5 12.Bb2 Nxc4 13.Qxc4 Qd6 14.Nc3 Bd7 15.O-O b5 
16.Qb3 c6 17.dxc6 Bxc6 18.Rfd1 Nd5 19.Ndxe4 Qe6 
20.Ng5 Qg6 21.Nxd5 Bd6 22.Nc7+ Bxc7 23.Qe6+ Qxe6 
24.Nxe6 Bd8 25.Nxg7+ Kf7 26.Nxf5 Bf6 27.Bxf6 Kxf6 
28.Rd6+ Kxf5 29.Rxc6 h5 30.Rd1 Rhd8 31.Rxd8 Rxd8 
32.g3 Kg4 33.Kg2 Ra8 34.f3+ Kf5 35.Rc5+ Kg6 36.e4 
a5 37.Rxb5 axb4 38.axb4 1-0

[Event "HCL-M886"]
[Site "www.playchess.de"]
[Date "2006.03.21"]
[Round "6"]
[White "terry"]
[Black "garethh"]
[WhiteElo "1743"]
[BlackElo "1886"]
[PlyCount "89"]
[Result "1-0"]

1.e4 c5 {Hello and good luck}  2.Nf3 d6 3.a3 {&2u} 
 a6 4.c3 Nf6 5.d3 Nc6 6.Be2 e5 7.O-O Be7 8.Bg5 O-O 
9.Qc2 Be6 10.h3 Rc8 11.c4 Nd4 12.Qd1 Nxe2+ 13.Qxe2 
b5 14.b3 Qd7 15.Bxf6 Bxf6 16.Kh2 Bd8 17.Nc3 f5 
18.exf5 Rxf5 19.Ne4 Rh5 20.Kg1 g5 21.Nxe5 dxe5 
22.Qxh5 Bf7 23.Qf3 Qd4 24.Nf6+ Kg7 25.Qf5 Rc6 
26.Ng4 Bc7 27.Qxg5+ Rg6 28.Qe3 Qd6 29.Rfe1 Re6 
30.b4 bxc4 31.dxc4 cxb4 32.c5 Qe7 33.axb4 h5 
34.Nh2 e4 35.Nf1 Qf6 36.Rad1 Bf4 37.Qa3 Qg5 38.g3 
h4 39.g4 Kh7 40.Rd4 Bg6 41.Red1 Be8 42.R4d5 Qg6 
43.Ne3 Be5 44.Nc4 Bc7 45.R5d7+ 1-0

[Event "HCL-C4153"]
[Site "www.playchess.de"]
[Date "2006.03.21"]
[Round "9"]
[White "Treebeard"]
[Black "nicola"]
[WhiteElo "1199"]
[BlackElo "1111"]
[PlyCount "76"]
[Result "0-1"]

1.e4 {hi there! Good luck in the game}  e6 {hi, 
good luck to you too}  2.d4 b6 3.Nf3 Bb7 4.Nc3 Nf6 
5.Bc4 Nxe4 6.Nxe4 Bxe4 7.d5 Be7 8.Qd4 Bxf3 9.gxf3 
Bf6 10.Qg4 exd5 11.Bxd5 Qe7+ 12.Be3 Bxb2 13.Rd1 
Nc6 14.Bxc6 dxc6 15.Qa4 b5 16.Qa6 Qe6 17.Qb7 O-O 
18.Qxc7 Bc3+ 19.Kf1 Qc4+ 20.Kg2 Qe6 21.Rd3 Be5 
22.Qd7 Qxd7 23.Rxd7 a6 24.Bc5 Rfd8 25.Rhd1 Rdc8 
26.Kh3 g6 27.Re7 Bf6 28.Red7 Rcd8 29.R7xd8+ Rxd8 
30.Rxd8+ Bxd8 31.Kg4 f5+ 32.Kg3 Kf7 33.f4 Ke6 
34.Kf3 Kd5 35.Ba3 Bf6 36.Ke3 Kc4 37.Kd2 b4 38.Bb2 
Bxb2 0-1

[Event "HCL-A2663"]
[Site "www.playchess.de"]
[Date "2006.03.21"]
[Round "11"]
[White "BohdanL"]
[Black "Ulpe"]
[WhiteElo "1472"]
[BlackElo "1648"]
[PlyCount "32"]
[Result "0-1"]

1.e4 {hi, have a nice game}  c5 2.f4 g6 3.Nf3 Bg7 
4.Nc3 d6 5.a3 Nc6 6.Bb5 Nf6 7.d3 O-O 8.O-O Nd4 
9.Nxd4 cxd4 10.Ne2 Qb6 11.a4 d5 12.e5 Nh5 13.g4 
Bxg4 14.h3 Bxh3 15.Rf3 Bg4 16.Rg3 
Nxg3 0-1

[Event "HCL-E1603"]
[Site "www.playchess.de"]
[Date "2006.03.21"]
[Round "9"]
[White "badplayer"]
[Black "jmcerna"]
[WhiteElo "1579"]
[BlackElo "1530"]
[PlyCount "29"]
[Result "1-0"]

1.e4 {Hullo from Delhi}  c5 {Hello from Santiago.} 
 2.Nf3 Nc6 3.d4 cxd4 4.Nxd4 Nf6 5.Nc3 e5 6.Nxc6 
bxc6 7.Bc4 Bb4 8.Bg5 Bxc3+ 9.bxc3 Qa5 10.Qd3 d5 
11.exd5 e4 12.Qd4 cxd5 13.Bxf6 gxf6 14.Bxd5 O-O 
15.Bxa8 1-0